Elementos de tecnología farmacéutica / (Record no. 51330)

MARC details
000 -LEADER
campo de control de longitud fija 00508nam a2200157 i 4500
001 - NÚMERO DE CONTROL
campo de control 51330
003 - IDENTIFICADOR DE NÚMERO DE CONTROL
campo de control ES-MaACL
007 - CAMPO FIJO DE DESCRIPCIÓN FÍSICA--INFORMACIÓN GENERAL
campo de control de longitud fija t|
008 - DATOS DE LONGITUD FIJA--INFORMACIÓN GENERAL
campo de control de longitud fija 030812s1982 sp ||||1| spa d
100 1# - ENTRADA PRINCIPAL--NOMBRE DE PERSONA
Nombre de persona Daerr, Alfred.
9 (RLIN) 42426
245 10 - MENCIÓN DEL TÍTULO
Título Elementos de tecnología farmacéutica /
Mención de responsabilidad, etc. Alfred Dèarr ; traducido por Vicente Montejo de Garcini Guedas.
260 ## - PUBLICACIÓN, DISTRIBUCIÓN, ETC.
Lugar de publicación, distribución, etc. Zaragoza :
Nombre del editor, distribuidor, etc. Acribia,
Fecha de publicación, distribución, etc. [1982]
300 ## - DESCRIPCIÓN FÍSICA
Extensión 121 p. ;
Dimensiones 24 cm.
700 1# - ENTRADA AGREGADA--NOMBRE PERSONAL
Nombre de persona Montejo de Garcini Guedas, Vicente.
9 (RLIN) 82443
852 ## - LOCALIZACIÓN
Ubicación ES-MaACL
Número de control de estantería L-4089
Sublocalización o colección R.104389
Holdings
Estatus retirado Estado de pérdida Estado de daño No para préstamo Biblioteca de origen Biblioteca actual Ubicación en estantería Fecha de adquisición Fuente de adquisición Total de préstamos Signatura topográfica completa Código de barras Visto por última vez Precio de reemplazo Tipo de ítem Koha
        Biblioteca del Ateneo de Madrid Biblioteca del Ateneo de Madrid Depósito 2 17/01/2008     L-4089 1053985 23/02/2023 23/02/2023 Libro impreso